Statistics for Rosé - On The Ground Lyric

Click here to take the quiz!

General Stats

  • This quiz has been taken 50 times
  • The average score is 304 of 353

Answer Stats

Answer% Correct
by
100%
be
97%
every
97%
Every
97%
I
97%
is
97%
me
97%
my
97%
My
97%
On
97%
on
97%
the
97%
You
97%
you
97%
a
94%
Everything
94%
ground
94%
I'm
94%
it
94%
to
94%
and
91%
And
91%
coming
91%
day
91%
get
91%
just
91%
Just
91%
life
91%
need
91%
never
91%
night
91%
your
91%
been
88%
down
88%
have
88%
in
88%
Look
88%
right
88%
thinkin'
88%
at
85%
but
85%
But
85%
high
85%
I've
85%
magic
85%
realize
85%
seems
85%
suddenly
85%
whole
85%
worked
85%
fantastic
82%
hear
82%
out
82%
up
82%
when
82%
come
79%
life's
79%
that
79%
though
79%
used
79%
want
79%
electric
76%
find
76%
Funny
76%
mattress
76%
plastic
76%
back
73%
don't
73%
figured
73%
hectic
73%
like
73%
gold's
70%
hole
70%
of
70%
they
70%
with
70%
Yeah
70%
clouds
67%
head
67%
now
67%
regret
67%
wall
67%
way
67%
what
67%
without
67%
You're
67%
from
64%
house
64%
know
64%
must
64%
Nah
64%
runnin'
64%
So
64%
time
64%
goes
61%
message
61%
minute
61%
single
61%
far
58%
send
58%
voice
58%
waking
58%
world's
58%
made
55%
say
55%
drove
52%
let
52%
tryna
48%

Score Distribution

Percentile by Number Answered

Percent of People with Each Score

Your Score History

You have not taken this quiz